000 00218nam a22000857a 4500
008 160905b xxu||||| |||| 00| 0 eng d
100 _9309
_aAndrew Kumar
245 _aHindi Stories
260 _aNew Delhi
_bNS publication
_c2006
999 _c2969
_d2969